Modern school mathematics; structure and use / (Record no. 179964)
[ view plain ]
| 000 -LEADER | |
|---|---|
| fixed length control field | 00791 a2200169 4500 |
| 003 - CONTROL NUMBER IDENTIFIER | |
| control field | Nust |
| 005 - DATE AND TIME OF LATEST TRANSACTION | |
| control field | 20221031130344.0 |
| 040 ## - CATALOGING SOURCE | |
| Transcribing agency | Nust |
| 082 ## - DEWEY DECIMAL CLASSIFICATION NUMBER | |
| Classification number | 510,DUN |
| 100 ## - MAIN ENTRY--PERSONAL NAME | |
| Personal name | Duncan.R,Ernest |
| 9 (RLIN) | 101977 |
| 245 ## - TITLE STATEMENT | |
| Title | Modern school mathematics; structure and use / |
| Statement of responsibility, etc. | Editor: Andrew M Gleason |
| 260 ## - PUBLICATION, DISTRIBUTION, ETC. | |
| Place of publication, distribution, etc. | California |
| Name of publisher, distributor, etc. | department of education |
| Date of publication, distribution, etc. | 1970 |
| 300 ## - PHYSICAL DESCRIPTION | |
| Extent | 318:p |
| 505 ## - FORMATTED CONTENTS NOTE | |
| Formatted contents note | Numbers to 10 Sums to 6 (Page-1), Sums of 7-10 (Page-33), Geometry Measurement (Page-65), Numbers to 99 Sums of 11-13 (Page-93), Sums of 14-18 (Page-123), Addition and Subtraction (Page-153), Money Addition (Page-185), Geometry- Fractions (Page-217), Subtraction Hundreds (Page-249), Multiplication 2 and 5 (Page-281), Multiplication 3 and 4 (Page-301). |
| 650 ## - SUBJECT ADDED ENTRY--TOPICAL TERM | |
| Topical term or geographic name entry element | mathematics |
| 942 ## - ADDED ENTRY ELEMENTS (KOHA) | |
| Source of classification or shelving scheme | |
| Koha item type | Book |
| Call number prefix | 510,DUN |
| Withdrawn status | Lost status | Source of classification or shelving scheme | Damaged status | Not for loan | Permanent Location | Current Location | Shelving location | Date acquired | Full call number | Barcode | Date last seen | Price effective from | Koha item type | Public note |
|---|---|---|---|---|---|---|---|---|---|---|---|---|---|---|
| Military College of Signals (MCS) | Military College of Signals (MCS) | General Stacks | 12/12/2016 | 510,DUN | MCS7544 | 12/08/2016 | 12/12/2016 | Book Bank | Almirah No. A/135, Shelf No.4 |
